000 01709nam a2200409 a 4500
001 ebr10073573
003 CaPaEBR
006 m u
007 cr cn|||||||||
008 030529s2003 enkab sb 001 0 eng
010 _z 2003544915
015 _aGBA3-Z7086
020 _z0521821770 (hardback)
040 _aCaPaEBR
_cCaPaEBR
035 _a(OCoLC)57300275
050 1 4 _aDC148
_b.J577 2003eb
082 0 4 _a944.034
_221
100 1 _aJones, Peter,
_d1949-
245 1 0 _aLiberty and locality in revolutionary France
_h[electronic resource] :
_bsix villages compared, 1760-1820 /
_cPeter Jones.
260 _aCambridge ;
_aNew York :
_bCambridge University Press,
_c2003.
300 _axiv, 306 p. :
_bill., maps.
490 1 _aNew studies in European history
504 _aIncludes bibliographical references (p. 274-301) and index.
533 _aElectronic reproduction.
_bPalo Alto, Calif. :
_cebrary,
_d2013.
_nAvailable via World Wide Web.
_nAccess may be limited to ebrary affiliated libraries.
651 0 _aFrance
_xPolitics and government
_y1789-1815.
651 0 _aFrance
_xRural conditions
_y18th century.
651 0 _aFrance
_xRural conditions
_y19th century.
651 0 _aFrance
_xSocial conditions
_y18th century.
651 0 _aFrance
_xSocial conditions
_y19th century.
651 0 _aFrance
_xHistory
_yLouis XV, 1715-1774.
651 0 _aFrance
_xHistory
_yLouis XVI, 1774-1793.
651 0 _aFrance
_xHistory
_y1789-1815.
655 7 _aElectronic books.
_2local
710 2 _aebrary, Inc.
830 0 _aNew studies in European history.
856 4 0 _uhttp://site.ebrary.com/lib/rucke/Doc?id=10073573
_zAn electronic book accessible through the World Wide Web; click to view
999 _c34178
_d34178